000 00704cam a22002413a 4500
001 14700
003 PGUSA
005 20140828083320.0
008 050115s2005||||xxu|||||s|||||000 1 eng d
040 _aPGUSA
_beng
042 _adc
050 4 _aPT
100 1 _aMackay, John Henry,
_d1864-1933
245 1 0 _aDie Menschen der Ehe
_h[electronic resource] /
_cJohn Henry Mackay
260 _bProject Gutenberg,
_c2005
506 _aPublic domain in the USA.
516 _aElectronic text
653 _aGermany -- Social life and customs -- 19th century -- Fiction
653 _aLove stories
830 0 _aProject Gutenberg
_v14700
856 4 0 _uhttp://www.gutenberg.org/ebooks/14700
942 _cEB
999 _c243955
_d243955